MARC

LEADER 00000nmm0a2200000 4500
001 162456
005 20231101222325.0
010 |a 9780194620079 
035 |a (RuTPU)RU\TPU\book\176189 
035 |a RU\TPU\book\147328 
090 |a 162456 
100 |a 20090622d2008 m y0engy50 ba 
101 0 |a eng 
102 |a US 
105 |a a j 000zy 
200 1 |a Oxford Word Skills. Intermediate  |f R. Gairns, S. Redman 
210 |a New York  |c Oxford University Press  |d 2008 
215 |a 254 p.  |c il.  |e CD-ROM 
320 |a Index: p. 237-254. 
606 1 |a Английский язык  |x Учебные руководства и пособия  |x Пособия по развитию речи, разговорники  |2 stltpush  |3 (RuTPU)RU\TPU\subj\29074  |9 52486 
610 1 |a лексика 
610 1 |a разговорная речь 
610 1 |a упражнения 
610 1 |a CD-ROM 
686 |a Ш143.21-923.4  |v LBC/SL-A  |2 rubbk 
700 1 |a Gairns  |b R.  |g Ruth 
701 1 |a Redman  |b S.  |g Stuart 
801 1 |a RU  |b 63413507  |c 20080416  |g PSBO 
801 2 |a RU  |b 63413507  |c 20170619  |g PSBO 
942 |c MX